Công nghệ vi sinh vật
Gardado en:
| Autor Principal: | |
|---|---|
| Formato: | Libro |
| Idioma: | Undetermined |
| Publicado: |
Hà Nội
Đại học Quốc gia Hà Nội
2004
|
| Những chủ đề: | |
| Các nhãn: |
Engadir etiqueta
Sen Etiquetas, Sexa o primeiro en etiquetar este rexistro!
|
| Thư viện lưu trữ: | Trung tâm Học liệu Trường Đại học Cần Thơ |
|---|
| LEADER | 00583nam a2200193Ia 4500 | ||
|---|---|---|---|
| 001 | CTU_64416 | ||
| 008 | 210402s9999 xx 000 0 und d | ||
| 020 | |b 19000 | ||
| 082 | |a 660.62 | ||
| 082 | |b L561/T.1 | ||
| 100 | |a Nguyễn, Đức Lượng | ||
| 245 | 0 | |a Công nghệ vi sinh vật | |
| 245 | 0 | |c Nguyễn Đức Lượng | |
| 260 | |a Hà Nội | ||
| 260 | |b Đại học Quốc gia Hà Nội | ||
| 260 | |c 2004 | ||
| 650 | |a Microbial biotechnology | ||
| 904 | |i Minh (Nguyênsửa) | ||
| 980 | |a Trung tâm Học liệu Trường Đại học Cần Thơ | ||